| 000 | 00776nam a2200253Ia 4500 | ||
|---|---|---|---|
| 003 | OSt | ||
| 005 | 20221005110429.0 | ||
| 006 | a|||||r|||| 00| 0 | ||
| 007 | ta | ||
| 008 | 221004b |||||||| |||| 00| 0 hin d | ||
| 020 |
_a8170164737 (hbk) _cIndian Rupees 136 |
||
| 024 | _a40586 | ||
| 037 |
_bGift, 25/10/2018, _cTextual |
||
| 040 |
_aCRL _cCRL _bhin |
||
| 041 |
_2hin _ahin |
||
| 082 | _aO152,1NMIx, P0 | ||
| 100 | _aमिश्र, गीतम | ||
| 245 | 0 | _aअंतराल | |
| 246 | _aAantarāla | ||
| 260 |
_aनई दिल्ली _bकिताबघर भारत _c2000 |
||
| 300 |
_a411पृ. _ccm. |
||
| 942 |
_hO152,1NMIx, P0 _cTEXL _2cc |
||
| 999 |
_c1018783 _d1018783 |
||